| 000 | nam a22 a 4500 | ||
|---|---|---|---|
| 999 |
_c1294 _d1294 |
||
| 003 | AKMAL | ||
| 005 | 20170509092922.0 | ||
| 008 | 170509s1988 my 00 may d | ||
| 039 | 9 |
_a200905211019 _bfaridah _c200905191716 _david3 |
|
| 040 |
_aAKMAL _cAKMAL |
||
| 041 | 1 |
_amay _hara |
|
| 049 | _amal | ||
| 082 | 0 | 4 |
_a297.7 HAM _220 |
| 090 | 0 | 0 |
_a297.7 _bHAM |
| 100 |
_aHamid Abdul Khalik Hamid _92557 |
||
| 245 | 1 |
_aBimbinglah anakmu mengenal Allah SWT : _bsebuah catatan untuk kaum ibu / _cHamid Abdul Khalik Hamid |
|
| 260 |
_aKuala Lumpur : _bPenerbit Darul Fikir, _c1988 |
||
| 300 |
_a100ms. ; _c21cm |
||
| 500 | _aMula diterbitkan: Bandung: Penerbit Husaini | ||
| 500 | _aTerjemahan dari: Khudzi bi yadi thiflik ilallah. Kairo: Darul Basyir, 1985 | ||
| 500 | 0 | _aMengandungi ayat-ayat dari Quran | |
| 650 | 1 | 0 |
_aIslamic religious education of children _92558 |
| 650 | 2 | 0 |
_aChild rearing _xReligious aspects _xIslam _92559 |
| 650 | 2 | 0 |
_aMotherhood _xReligious aspects _xIslam _92560 |
| 650 | 2 |
_aFamily _xIslam _92561 |
|
| 650 | 2 |
_aIslamic religious life of children _92562 |
|
| 942 |
_2ddc _cBOOK |
||